000 00618cam a2200241 4500
001 J2536
008 090401t1994 xxu||||| |||| 00| 0 eng d
035 _a(Sirsi) u49689
041 _aeng
050 _a333.33709421
110 _aSavills
_92020
245 _a1994 - the first six months: London offices.
260 _aLondon
_bSavills
_c1994
300 _a1 folded sheet (6p.) ; 30cm.
350 _a0
650 _aCITY OF LONDON
650 _aDOCKLANDS
650 _aFLOORSPACE STATISTICS
650 _aWEST END OF LONDON
690 _aPROPERTY-COMMERCIAL PROPERTY
942 _n0
948 _c04/03/1997
999 _c92590
_d92590